London Railway Stations - Statistics

General Stats
  • This quiz has been taken 1,353 times
  • The average score is 12 of 18
Answer Stats
Station Name % Correct
Kings Cross
94%
Paddington
91%
Waterloo
91%
Euston
89%
Victoria
88%
Liverpool Street
84%
St. Pancras International
82%
London Bridge
74%
Charing Cross
73%
Marylebone
72%
Fenchurch Street
63%
Blackfriars
59%
Cannon Street
52%
Moorgate
38%
Waterloo East
37%
Vauxhall
27%
City Thameslink
22%
Old Street
21%
No matching quizzes found
Score Distribution
Percent of People with Each Score
Percentile by Number Answered
Your Score History
You have not taken this quiz